Health care for an aging society : cost-conscious community care and self-care approaches /

Bibliographic Details
Main Author: Haber, David, 1944-
Format: Book
Language:English
Published: New York : Hemisphere Pub. Corp., [1989]
Series:Series in death education, aging, and health care.
Subjects:

MARC

Tag First Indicator Second Indicator Subfields
LEADER 00000cam a2200000 a 4500
001 in00000915532
005 20150924124321.0
008 881130s1989 nyua b 00110 eng c
010 |a  88038304  
020 |a 0891166831 :  |c $25.00 
035 |a (OCoLC)18908077 
035 |9 AEP0910AM 
040 |a DNLM/DLC  |c DLC  |d TXA  |d UtOrBLW 
043 |a n-us--- 
049 |a TXAM  |c [A13139425] 
050 0 0 |a RA410.53  |b .H33 1989 
060 0 |a WT 30 H114h 
082 0 |a 338.4/73621/989700973  |2 19 
100 1 |a Haber, David,  |d 1944- 
245 1 0 |a Health care for an aging society :  |b cost-conscious community care and self-care approaches /  |c David Haber. 
264 1 |a New York :  |b Hemisphere Pub. Corp.,  |c [1989] 
264 4 |c ©1989 
300 |a xv, 189 pages :  |b illustrations ;  |c 24 cm. 
336 |a text  |b txt  |2 rdacontent 
337 |a unmediated  |b n  |2 rdamedia 
338 |a volume  |b nc  |2 rdacarrier 
490 1 |a Series in death education, aging, and health care,  |x 0275-3510 
504 |a Bibliography: pages 123-143. 
500 |a Includes index. 
650 0 |a Medical care, Cost of  |z United States. 
650 0 |a Medical policy  |z United States. 
650 0 |a Older people  |z United States  |x Long term care. 
650 0 |a Older people  |x Medical care  |z United States. 
650 2 |a Community Health Services  |x economics. 
650 2 |a Cost Control. 
650 2 |a Long-Term Care  |x economics. 
650 2 |a Self Care  |x economics. 
830 0 |a Series in death education, aging, and health care.  |x 0275-3510 
999 |a MARS 
999 f f |s d1eace8c-a7c5-3c0f-85f8-6cf4b6568440  |i 8bdcbaf1-d7fe-317e-a629-d85076933003  |t 0 
952 f f |p ric  |a Texas A&M University  |b Rellis Campus  |c Joint Library Facility  |d Remote Storage  |t 0  |e RA410.53 .H33 1989  |h Library of Congress classification  |i unmediated -- volume  |m A14813139425 
998 f f |a RA410.53 .H33 1989  |t 0  |l Remote Storage